000 00630nam a2200217Ia 4500
003 OSt
005 20220926034957.0
006 a|||||r|||| 00| 0
007 ta
008 220923b |||||||| |||| 00| 0 eng d
037 _cGeneral Book
040 _aRTL
_cRTL
_beng
041 _2eng
_aeng
082 _aY:4:5.2.N5z7, J5
110 _aIndia Community Projects Administration
_9264052
245 0 _aKrukshetra
_b A symposium on community development
260 _c1955
700 _aIndia Community Projects Administration
_9264053
942 _hY:4:5.2.N5z7, J5
_cGB
_2CC
999 _c660956
_d660956